| 000 | 00719 a2200241 4500 | ||
|---|---|---|---|
| 003 | OSt | ||
| 005 | 20180116192335.0 | ||
| 008 | 120229t xxu||||| |||| 00| 0 eng d | ||
| 010 | _a 73000980 | ||
| 020 | _a0810910128 | ||
| 040 | _c0 | ||
| 082 | 0 | 0 | _a724.19 |
| 100 | 2 |
_aNorberg-Schulz, Christian. _9381 |
|
| 245 | 1 | 0 | _aLate Baroque and Rococo architecture. |
| 260 |
_aNew York, _bH. N. Abrams _c[1974] |
||
| 300 |
_a415 p. _billus. _c29 cm. |
||
| 490 | 0 | _aHistory of world architecture | |
| 500 | _aIncludes index | ||
| 650 | 0 |
_aArchitecture, Baroque. _9382 |
|
| 650 | 0 |
_aArchitecture, Rococo. _9383 |
|
| 942 |
_aSADA _cBK _k724.19 NOR 1974 _2ddc |
||
| 999 |
_c352438 _d352438 |
||